000
00215nam a22000857a 4500
008
161227b xxu||||| |||| 00| 0 eng d
100
_9
2175
_a
Frank Bros
245
_a
Joyful Living-5
260
_a
New Delhi
_b
Frank Brros
_c
200
999
_c
5064
_d
5064